00639 2200241 4500001002100000005001700021008004100038020001800079035002400097082001000121090002000131100002000151245007000171250001100241260003800252300003000290650001300320850001500333980001300348985000600361999001500367999001500382YOGYA-0209000003388620090227024832.0 ind  a979-8952-32-4 0010-020900000033886 a636.6 a636.6bNur MlT aNURCAHYO, Eko M aMembesarkan anak perkutut dengan bantuan putercEko M. Noertjahjo aCet. 2 aSurabayabTrubus Agrisaranac1999 aviii, 42 hlmbilusc20 cm aPerkutut aYOPDYOG(B) a27-09-06 a2 a00P0003462 a00P0003463